[Event "Hastings Masters op"]
[Site "Hastings"]
[Date "2024.01.05"]
[Round "9"]
[White "Butt, Laurence"]
[Black "Alcindor, Samuel"]
[Result "1/2-1/2"]
[WhiteElo "1688"]
[BlackElo "1714"]
[PlyCount "95"]
[EventDate "2023.12.28"]
[EventType "swiss"]
[EventRounds "9"]
[EventCountry "ENG"]
[SourceTitle "CB02_2024"]
[SourceDate "2024.01.10"]
[SourceVersion "1"]
[SourceVersionDate "2024.01.10"]
[SourceQuality "1"]

1. d4 Nf6 2. f4 c5 3. e3 g6 4. Nf3 Bg7 5. c3 0-0 6. Bd3 d6 7. 0-0 Nc6 8. e4 cxd4 9. cxd4 Qb6 10. Kh1 Nxd4 11. Nc3 Nxf3 12. Qxf3 Bd7 13. Rb1 e6 14. Be3 Qa5 15. b4 Qh5 16. Qg3 Ng4 17. Bd2 f5 18. exf5 gxf5 19. Be2 Kh8 20. h3 Rg8 21. Bxg4 fxg4 22. Qxg4 Qxg4 23. hxg4 Rac8 24. Ne4 Rc2 25. Nxd6 Bf8 26. Ne4 Bc6 27. Bc3+ Bg7 28. Bxg7+ Rxg7 29. Nf2 Rd7 30. b5 Bd5 31. Kg1 Rxa2 32. f5 exf5 33. gxf5 Rg7 34. g4 Bf3 35. Rfc1 h6 36. Rc4 Kh7 37. Rf4 Ra3 38. Re1 a5 39. bxa6 bxa6 40. Re6 a5 41. Ne4 Bxe4 42. Rexe4 h5 43. f6 Rxg4+ 44. Rxg4 hxg4 45. Rxg4 Rf3 46. Rg7+ Kh8 47. Ra7 Rxf6 48. Rxa5 1/2-1/2

[Event "Hastings Weekend op"]
[Site "Hastings"]
[Date "2023.01.08"]
[Round "4"]
[White "Simms, Jake"]
[Black "Butt, Laurence"]
[Result "1-0"]
[WhiteElo "1602"]
[BlackElo "1740"]
[PlyCount "92"]
[EventDate "2023.01.07"]
[EventType "swiss"]
[EventRounds "5"]
[EventCountry "ENG"]
[SourceTitle "CBM 212 Extra"]
[Source "ChessBase"]
[SourceDate "2023.03.31"]
[SourceVersion "1"]
[SourceVersionDate "2023.03.31"]
[SourceQuality "1"]

1. e4 Nc6 2. Nf3 f5 3. e5 d6 4. Bb5 a6 5. Bxc6+ bxc6 6. 0-0 d5 7. d4 e6 8. Bg5 Be7 9. Bxe7 Qxe7 10. Nbd2 Nh6 11. Nb3 0-0 12. Qd2 Nf7 13. Qa5 g5 14. Ne1 f4 15. f3 Nh6 16. g4 fxg3 17. hxg3 Nf5 18. Kf2 Qf7 19. Rh1 Rb8 20. Qd2 Qg7 21. c3 Qg6 22. Rh2 Rf7 23. Nd3 Bd7 24. Rg1 Rg7 25. Ndc5 Rf8 26. Qe2 Bc8 27. a4 Nh6 28. g4 Rgf7 29. Rh3 Rf4 30. Rhg3 Qg7 31. Nc1 Kh8 32. N1d3 R4f7 33. Nb4 Bd7 34. Nbxa6 Rf4 35. Nd3 Re4 36. Qd2 Be8 37. Kg2 Ref4 38. Nxf4 gxf4 39. Rh3 Nf5 40. Kf2 Ne3 41. Nc5 Nc4 42. Qe2 Qg8 43. Rh6 Bg6 44. Nd7 Ra8 45. Nf6 Qf8 46. Rgh1 Be8 1-0

[Event "Hastings Masters op"]
[Site "Hastings"]
[Date "2022.12.28"]
[Round "1"]
[White "Butt, Laurence"]
[Black "Walker, Martin Graham"]
[Result "0-1"]
[WhiteElo "1740"]
[BlackElo "2100"]
[PlyCount "114"]
[EventDate "2022.12.28"]
[EventType "swiss"]
[EventRounds "10"]
[EventCountry "ENG"]
[SourceTitle "CBM 212 Extra"]
[Source "ChessBase"]
[SourceDate "2023.03.31"]
[SourceVersion "1"]
[SourceVersionDate "2023.03.31"]
[SourceQuality "1"]

1. d4 Nf6 2. Bg5 c5 3. d5 Qb6 4. Nc3 Qxb2 5. Bd2 Qb6 6. e4 d6 7. Rb1 Qd8 8. Nf3 g6 9. Qc1 Bg7 10. Bh6 0-0 11. Bxg7 Kxg7 12. h4 Nbd7 13. Be2 Re8 14. h5 Qa5 15. Qd2 Nf8 16. hxg6 fxg6 17. Rb5 Qc7 18. Qh6+ Kg8 19. Ng5 a6 20. Rb1 Qa5 21. Kd2 b5 22. f4 b4 23. e5 bxc3+ 24. Ke1 Qxa2 25. exf6 exf6 26. Nxh7 Qxb1+ 27. Kf2 Qxh1 28. Nxf6+ Kf7 29. Qxh1 Kxf6 30. Qh8+ Kf7 31. Bf3 a5 32. g4 a4 33. f5 Re7 34. f6 Rb7 35. Be4 a3 36. Qg7+ Ke8 37. Qg8 a2 38. Bxg6+ Kd8 39. Qxf8+ Kc7 40. Qe7+ Bd7 41. Bf5 Rd8 42. f7 a1Q 43. f8Q Rxf8 44. Qxd7+ Kb6 45. Qxd6+ Kb5 46. Qxf8 Qc1 47. Qe8+ Kb4 48. Qe4+ Ka3 49. Qc4 Qd2+ 50. Kf3 Qd1+ 51. Kf4 Rb4 52. Qxb4+ cxb4 53. Ke5 b3 54. cxb3 c2 55. Bxc2 Qxc2 56. d6 Qc6 57. g5 Kb4 0-1

[Event "Hastings Masters op 95th"]
[Site "Hastings"]
[Date "2020.01.01"]
[Round "5"]
[White "White, Stuart A"]
[Black "Butt, Laurence"]
[Result "1-0"]
[WhiteElo "2106"]
[BlackElo "1694"]
[PlyCount "95"]
[EventDate "2019.12.28"]
[EventType "swiss"]
[EventRounds "9"]
[EventCountry "ENG"]
[SourceTitle "CBM 194 Extra"]
[Source "ChessBase"]
[SourceDate "2020.03.31"]
[SourceVersion "1"]
[SourceVersionDate "2020.03.31"]
[SourceQuality "1"]

1. c4 f5 2. Nf3 e6 3. g3 c6 4. Bg2 d5 5. 0-0 Nf6 6. d3 Be7 7. Qc2 0-0 8. Nbd2 Bd7 9. e4 fxe4 10. dxe4 Na6 11. Ne5 Be8 12. exd5 cxd5 13. cxd5 exd5 14. Ndf3 Rc8 15. Qe2 Nb4 16. Nd4 Qb6 17. Be3 Bc5 18. Rfd1 Nc6 19. Nexc6 bxc6 20. Ne6 Bxe3 21. Nxf8 Bxf2+ 22. Qxf2 Kxf8 23. Rac1 Bd7 24. Qc5+ Qxc5+ 25. Rxc5 Ke7 26. b4 Rb8 27. a3 Kd6 28. Rdc1 h6 29. R1c2 Be8 30. Bf3 Rb7 31. Kf2 g5 32. Ke1 Rb6 33. Ra5 Rb7 34. Ra6 g4 35. Be2 Ke5 36. Rc5 Re7 37. Rca5 Kd4 38. Rxa7 Re3 39. Rc5 h5 40. Rc2 Rb3 41. Rd2+ Ke5 42. Bd3 Kd6 43. Bc2 Rc3 44. Rf2 Ne4 45. Bxe4 dxe4 46. Rf8 Re3+ 47. Kd2 Rd3+ 48. Ke2 1-0

[Event "Hastings Masters op 95th"]
[Site "Hastings"]
[Date "2019.12.31"]
[Round "4"]
[White "Butt, Laurence"]
[Black "Brown, Thomas"]
[Result "0-1"]
[WhiteElo "1694"]
[BlackElo "2116"]
[PlyCount "94"]
[EventDate "2019.12.28"]
[EventType "swiss"]
[EventRounds "9"]
[EventCountry "ENG"]
[SourceTitle "CBM 194 Extra"]
[Source "ChessBase"]
[SourceDate "2020.03.31"]
[SourceVersion "1"]
[SourceVersionDate "2020.03.31"]
[SourceQuality "1"]

1. d4 Nf6 2. e3 g6 3. f4 Bg7 4. Nf3 c5 5. Be2 b6 6. 0-0 Bb7 7. c4 cxd4 8. exd4 0-0 9. Nc3 d5 10. cxd5 Nxd5 11. h4 Nd7 12. h5 Rc8 13. hxg6 hxg6 14. Nxd5 Bxd5 15. Ne5 Nxe5 16. fxe5 Bc4 17. Be3 Bxe2 18. Qxe2 Qd5 19. Qf3 Qxf3 20. gxf3 f6 21. f4 Kf7 22. Rad1 Rc2 23. Rf2 Rxf2 24. Kxf2 fxe5 25. fxe5 Ke6+ 26. Ke2 Rh8 27. Rc1 Rh2+ 28. Bf2 Bh6 29. Rc6+ Kf5 30. Kf1 Rh1+ 31. Kg2 Rb1 32. Rc2 Rc1 33. Re2 Rd1 34. Bh4 Rxd4 35. Bxe7 Rd2 36. Rxd2 Bxd2 37. Kf3 Kxe5 38. Ke2 Bc1 39. b3 Ke4 40. a4 Be3 41. Bd6 g5 42. Bg3 g4 43. b4 Bf4 44. Bf2 g3 45. Bg1 Be5 46. a5 Bd4 47. axb6 axb6 0-1

[Event "Hastings Masters op 94th"]
[Site "Hastings"]
[Date "2019.01.02"]
[Round "6"]
[White "Butt, Laurence"]
[Black "Royal, Shreyas"]
[Result "1/2-1/2"]
[WhiteElo "1635"]
[BlackElo "1892"]
[PlyCount "101"]
[EventDate "2018.12.28"]
[EventType "swiss"]
[EventRounds "10"]
[EventCountry "ENG"]
[SourceTitle "CBM 188 Extra"]
[Source "ChessBase"]
[SourceDate "2019.02.26"]
[SourceVersion "1"]
[SourceVersionDate "2019.02.26"]
[SourceQuality "1"]

1. d4 Nf6 2. e3 g6 3. f4 Bg7 4. Nf3 0-0 5. Be2 c5 6. 0-0 d5 7. c3 Nc6 8. Bd2 c4 9. Be1 b5 10. Bh4 a5 11. Bxf6 exf6 12. Re1 Re8 13. Bf1 Ra7 14. a4 b4 15. e4 Rae7 16. e5 fxe5 17. fxe5 Qb6 18. Kh1 f6 19. exf6 Bxf6 20. Rxe7 Rxe7 21. Nbd2 Bf5 22. h3 Qb8 23. g4 Bd7 24. Bg2 Qd6 25. Qg1 Be6 26. Qh2 Qd7 27. Re1 Qe8 28. Qd6 b3 29. g5 Bg7 30. Ne5 Nxe5 31. dxe5 Rd7 32. Qa6 Qe7 33. Nf3 Ra7 34. Qb6 Qd7 35. Kh2 Ra8 36. Nd4 Re8 37. Qxa5 Bxe5+ 38. Kg1 Bxd4+ 39. cxd4 Bf7 40. Rxe8+ Qxe8 41. Kf2 Qe6 42. h4 Kg7 43. Qc7 h6 44. gxh6+ Kxh6 45. a5 Qf6+ 46. Ke3 Qe6+ 47. Kf3 Qe4+ 48. Kg3 Qe1+ 49. Kf3 Qd1+ 50. Kg3 Qe1+ 51. Kf3 1/2-1/2